000 00338nam a22001457a 4500
008 230614b ||||| |||| 00| 0 eng d
020 _a9781285199030
041 _aeng
080 _28EDITION
_a575
082 _a575DeC
100 _a13
101 _aBIOKI
245 _aINTRODUCTORY CHEMISTRY A FUNDATION
_cDeCOSTE.Z
942 _2udc
_cBK
999 _c59961
_d59961